Normal view MARC view
  • Drewniany, Bonnie L.

Entry Personal Name

Number of records used in: 1

001 - CONTROL NUMBER

  • control field: 39632

003 - CONTROL NUMBER IDENTIFIER

  • control field: OSt

005 - DATE AND TIME OF LATEST TRANSACTION

  • control field: 20160322140800.0

008 - FIXED-LENGTH DATA ELEMENTS

  • fixed length control field: 160322|| aca||aabn | a|a d

040 ## - CATALOGING SOURCE

  • Original cataloging agency: OSt

100 10 - HEADING--PERSONAL NAME

  • Personal name: Drewniany, Bonnie L.